000 01263nam a22001577a 4500
999 _c520767
_d520767
008 221012b ||||| |||| 00| 0 eng d
100 _aIsser, Rajesh
_935189
245 _aUN peacekeeping in democratic republic of the Congo, 2003–2010: An operational perspective for air power employment
260 _aJournal of Defence Studies
300 _a16(3), Jul-Sep, 2022: p.77-104
520 _aAir power has played a critical role in counter-insurgency and irregular warfare across the world. India’s own rich experience is full of documented roles of air power in such campaigns. This article documents the unique experience of Indian air power in ‘robust’ peacekeeping under the United Nations (UN) flag in Democratic Republic of the Congo in 2003– 2010. A modelling is attempted to understand doctrinal and conceptual issues of this experience. Lessons are gleaned to improve air power’s effectiveness in such less-than-war situations. This is an imperative in light of the increasing importance of protection of civilians during conflicts. – Reproduced
650 _aIndian peacekeeping model, MONUC, Dr Congo, Air power, Robust peacekeeping.
_933652
773 _aJournal of Defence Studies
906 _aUNITED NATIONS
942 _cAR